[Event "Lansing (MOR/3/39)"]
[Site "?"]
[Date "1997.??.??"]
[Round "?"]
[White "Spindleman, Brian"]
[Black "Mitchell, Dave"]
[Result "1/2-1/2"]
[WhiteElo "1605"]
[BlackElo "1605"]
[PlyCount "50"]
[EventDate "1997.??.??"]

{3/(39)} 1. e4 d6 2. Nf3 Nf6 3. Nc3 c6 4. d4 Bg4 5. Be3 e6 6. h3 Bh5 7. Be2 Be7
8. Qd3 O-O 9. O-O-O d5 10. e5 Nfd7 11. a3 Nb6 12. Nd2 Bxe2 13. Qxe2 Bg5 14.
Bxg5 Qxg5 15. Qg4 Qxg4 16. hxg4 N8d7 17. Rh3 f6 18. Rdh1 h6 19. Nf3 Nc4 20. Nh4
fxe5 21. dxe5 Ndxe5 22. f3 Rf6 23. Rf1 g5 24. Nf5 exf5 25. gxf5 Ne3 1/2-1/2

[Event "Lansing (MOR/2/27)"]
[Site "?"]
[Date "1997.??.??"]
[Round "?"]
[White "Spindleman, Brian"]
[Black "King, Edwin"]
[Result "0-1"]
[WhiteElo "1605"]
[BlackElo "1605"]
[PlyCount "70"]
[EventDate "1997.??.??"]

{2/(27)} 1. e4 d5 2. exd5 Nf6 3. Nc3 Nxd5 4. Nxd5 Qxd5 5. d4 Nc6 6. c4 Qxd4 7.
Qxd4 Nxd4 8. Be3 Nc2+ 9. Kd1 Nxa1 10. Nf3 Bf5 11. Bd4 O-O-O 12. Ke1 Nc2+ 13.
Kd2 Nxd4 14. Ke3 Nxf3 15. Kxf3 e5 16. g4 Bg6 17. a4 Bc5 18. h4 Rd2 19. Rh2 Rhd8
20. h5 Bd3 21. Bxd3 R8xd3+ 22. Ke4 Rd4+ 23. Ke3 Rd5+ 24. Ke4 R2d4+ 25. Ke3 Rf4+
26. Ke2 Rxc4 27. b3 Rc2+ 28. Kf3 Bd6 29. Ke4 Rd4+ 30. Ke3 Rc3+ 31. Ke2 e4 32.
Rg2 Bf4 33. Rg1 Rd2+ 34. Kf1 Rcc2 35. Kg2 Rxf2+ 0-1

[Event "Lansing (MOR/6/38)"]
[Site "?"]
[Date "1997.??.??"]
[Round "?"]
[White "Spindleman, Brian"]
[Black "Crysler, Jerry"]
[Result "0-1"]
[WhiteElo "1605"]
[BlackElo "1605"]
[PlyCount "30"]
[EventDate "1997.??.??"]

{6/(38)} 1. e4 c5 2. Nf3 b6 3. d4 cxd4 4. Nxd4 Bb7 5. Nc3 e5 6. Nb3 Nf6 7. Bg5
Be7 8. Bxf6 Bxf6 9. Be2 O-O 10. Qd2 a5 11. a4 Nc6 12. Nd5 Bg5 13. Ne3 Nb4 14.
f3 Bxe3 15. Qd6 Nxc2+ 0-1

[Event "Lansing (MI Op/2/9)"]
[Site "?"]
[Date "1997.??.??"]
[Round "?"]
[White "Sparks, Frazier"]
[Black "Rogers, Bradley"]
[Result "0-1"]
[WhiteElo "1875"]
[BlackElo "2100"]
[PlyCount "90"]
[EventDate "1997.??.??"]

{2/(9)} 1. e4 e6 2. d4 d5 3. Nd2 Nf6 4. e5 Nfd7 5. Ngf3 c5 6. c3 Nc6 7. Be2 Qb6
8. Nb3 cxd4 9. cxd4 f6 10. O-O fxe5 11. Ng5 e4 12. Nxe6 Nf6 13. Nxf8 Rxf8 14.
Be3 Kf7 15. f3 Bf5 16. fxe4 Bxe4 17. Nc5 Kg8 18. Qd2 Rae8 19. Rf2 Qb4 20. Qd1
Bg6 21. a3 Qb6 22. Qc1 Qc7 23. Bf4 Qe7 24. Qc3 b6 25. Bb5 bxc5 26. Bxc6 Rd8 27.
Be5 Be4 28. Raf1 Ng4 29. Rxf8+ Rxf8 30. Rxf8+ Qxf8 31. Qg3 Qf5 32. h3 Nxe5 33.
Qxe5 Qxe5 34. dxe5 Kf7 35. Bd7 d4 36. e6+ Ke7 37. Kf2 Bd5 38. g3 Bxe6 39. Bxe6
Kxe6 40. b3 a5 41. Kf3 Kd5 42. g4 g5 43. a4 Ke5 44. Ke2 Ke4 45. Kd2 Kf3 0-1

[Event "Lansing (MI Op/5/23)"]
[Site "?"]
[Date "1997.??.??"]
[Round "?"]
[White "Sparks, Frazier"]
[Black "June, Brian"]
[Result "1-0"]
[WhiteElo "1875"]
[BlackElo "1800"]
[PlyCount "127"]
[EventDate "1997.??.??"]

{5/(23)} 1. e4 c5 2. Nf3 d6 3. d4 cxd4 4. Nxd4 Nf6 5. Nc3 Nc6 6. Nxc6 bxc6 7.
Bg5 Qb6 8. Rb1 Ng4 9. Bh4 Ne5 10. Be2 g6 11. O-O Bg7 12. Kh1 h5 13. f4 Ng4 14.
Qd3 Qe3 15. f5 Be5 16. Qc4 Qc5 17. Qxc5 dxc5 18. fxg6 fxg6 19. Bc4 e6 20. Rbd1
Bb7 21. Bxe6 Rh7 22. Rd2 Ba6 23. Rfd1 Bd4 24. Na4 g5 25. Bxg4 gxh4 26. Bf5 Rh6
27. c3 Be3 28. Rd6 Rxd6 29. Rxd6 Rd8 30. Bg6+ Ke7 31. Rxd8 Kxd8 32. Bxh5 Bd3
33. a3 Bxe4 34. Bf3 Bd5 35. Bxd5 cxd5 36. h3 Kc7 37. g4 hxg3 38. Kg2 Bf2 39. b3
Kd6 40. Nb2 d4 41. c4 a5 42. Nd3 Kc6 43. h4 Kd6 44. h5 Be3 45. Kxg3 Bh6 46. Kg4
Ke6 47. Kf3 Bf8 48. Ke4 Kf6 49. Ne5 Bd6 50. Nc6 Bc7 51. Nxd4 cxd4 52. Kxd4 Kg5
53. b4 Kxh5 54. b5 Kg5 55. Kd5 Kf6 56. Kc6 Bb8 57. Kd7 Ba7 58. Kc6 Ke6 59. c5
Ke7 60. b6 Bb8 61. Kb7 Kd7 62. c6+ Kd6 63. c7 Bxc7 64. bxc7 1-0

[Event "Kalamazoo (MI Am/3/7)"]
[Site "?"]
[Date "1997.??.??"]
[Round "?"]
[White "Sparks, Frazier"]
[Black "Freeman, C."]
[Result "1-0"]
[WhiteElo "1860"]
[BlackElo "1605"]
[PlyCount "105"]
[EventDate "1997.??.??"]

{3/(7)} 1. e4 Nf6 2. e5 Nd5 3. c4 Nb6 4. d4 d6 5. f4 Bf5 6. Nf3 Nc6 7. a3 e6 8.
Be2 Be7 9. O-O O-O 10. Nc3 h6 11. Be3 Na5 12. b3 d5 13. c5 Nc8 14. Rc1 b6 15.
b4 Nc6 16. Ba6 Rb8 17. Qa4 Nxd4 18. Bxd4 bxc5 19. bxc5 g5 20. fxg5 Bxg5 21.
Nxg5 Qxg5 22. Qd1 Ne7 23. Bd3 Bg4 24. Qe1 Kh8 25. Qg3 Qh5 26. Qf4 Nc6 27. Qf6+
Kg8 28. Be3 Qxe5 29. Qxh6 Qg7 30. Qh4 f5 31. Bf2 Rb3 32. Bb5 Rxc3 33. Bxc6 Rxa3
34. Rfe1 Qf6 35. h3 Qxh4 36. Bxh4 Bxh3 37. gxh3 Rxh3 38. Rxe6 Rxh4 39. Bxd5 Kh8
40. Kf2 Rd8 41. Re5 Rd4 42. Bf3 f4 43. Rg1 R4d7 44. Be4 Rd2+ 45. Kf3 Rh2 46.
Reg5 Rf8 47. Bf5 a5 48. Be6 a4 49. Rg8+ Rxg8 50. Rxg8+ Kh7 51. Rc8 a3 52. Rxc7+
Kh8 53. c6 1-0

[Event "Kalamazoo (MI Am/1/13)"]
[Site "?"]
[Date "1997.??.??"]
[Round "?"]
[White "Sparks, Frazier"]
[Black "Bush, G."]
[Result "1-0"]
[WhiteElo "1860"]
[BlackElo "1605"]
[PlyCount "41"]
[EventDate "1997.??.??"]

{1/(13)} 1. e4 e5 2. Nf3 Nc6 3. d4 d6 4. Bc4 Be6 5. d5 Bxd5 6. Qxd5 Nh6 7. Bxh6
Qe7 8. Bg5 f6 9. Bd2 O-O-O 10. b4 Qd7 11. Bb5 a6 12. Ba4 b5 13. Bb3 Kb8 14. a4
Ne7 15. Qd3 c6 16. axb5 cxb5 17. Rxa6 Qb7 18. Ra5 Qc6 19. Rxb5+ Kc8 20. Ba4 Kc7
21. Ra5 1-0

[Event "Kalamazoo (MI Am/5/4)"]
[Site "?"]
[Date "1997.??.??"]
[Round "?"]
[White "Sparks, Frazier"]
[Black "Berndt, Harry"]
[Result "1-0"]
[WhiteElo "1860"]
[BlackElo "1605"]
[PlyCount "51"]
[EventDate "1997.??.??"]

{5/(4)} 1. e4 c5 2. c3 e6 3. d4 b6 4. Nf3 Bb7 5. e5 f6 6. Nh4 Qe7 7. Nf3 Nc6 8.
Be2 Rc8 9. O-O cxd4 10. cxd4 Nb4 11. Nc3 Nd5 12. Nb5 Qd8 13. Nxa7 Ra8 14. Nb5
Bc6 15. a3 Ra5 16. Nc3 Nxc3 17. bxc3 Qa8 18. Qb3 b5 19. c4 bxc4 20. Bxc4 Bxf3
21. gxf3 f5 22. Bd2 Rxa3 23. Rxa3 Qxa3 24. Qb8+ Kf7 25. Qb7 Nf6 26. exf6 1-0

[Event "Lansing (MI Op/1b/7)"]
[Site "?"]
[Date "1997.??.??"]
[Round "?"]
[White "Sparks, Frazier"]
[Black "Ashton, Jeff"]
[Result "1-0"]
[WhiteElo "1875"]
[BlackElo "2135"]
[PlyCount "87"]
[EventDate "1997.??.??"]

1. e4 c5 2. Nf3 Nc6 3. Bc4 e6 4. O-O a6 5. a4 d5 6. exd5 exd5 7. Re1+ Be7 8.
Be2 Nf6 9. d4 O-O 10. Bg5 h6 11. Bh4 g5 12. Bg3 g4 13. Ne5 h5 14. Nxc6 bxc6 15.
Nc3 Nh7 16. Kh1 Bg5 17. dxc5 Qf6 18. f3 Re8 19. fxg4 d4 20. Na2 Bxg4 21. Bxg4
Rxe1+ 22. Qxe1 hxg4 23. Qe2 Qg6 24. Nb4 Be3 25. Bd6 Nf6 26. Nxc6 Kg7 27. Rf1
Ne4 28. Be5+ f6 29. Ne7 Qg5 30. Nf5+ Kg6 31. Nxe3 dxe3 32. Bf4 Qh4 33. Qxe3 Re8
34. Kg1 Qh5 35. b4 Qd5 36. Qd3 Qc6 37. Re1 f5 38. Rd1 Re6 39. Qd8 Re8 40. Qh4
Qxa4 41. Qh6+ Kf7 42. Qh7+ Kf6 43. Qh6+ Kf7 44. c6 1-0

[Event "Lansing (MI Op/6/19)"]
[Site "?"]
[Date "1997.??.??"]
[Round "?"]
[White "Sparks, Frazier"]
[Black "Aldrich, Jeff"]
[Result "0-1"]
[WhiteElo "1875"]
[BlackElo "2005"]
[PlyCount "100"]
[EventDate "1997.??.??"]

{6/(19)} 1. e4 c6 2. d4 d5 3. e5 Bf5 4. Bd3 Bxd3 5. Qxd3 e6 6. Nf3 Ne7 7. O-O
Nd7 8. b3 c5 9. c3 Nc6 10. Bf4 Be7 11. Re1 Qb6 12. Bg5 Bxg5 13. Nxg5 cxd4 14.
Nf3 dxc3 15. Nxc3 a6 16. Nxd5 Qa5 17. Nc3 O-O-O 18. Qe3 Nc5 19. Red1 Nb4 20.
Ne4 Nxe4 21. Rdc1+ Kb8 22. Qxe4 Nd5 23. h3 h6 24. Rc2 Nb4 25. Rc4 Nc6 26. b4
Qd5 27. Qe2 Qd3 28. Qxd3 Rxd3 29. a4 Rhd8 30. b5 Na5 31. Rc2 axb5 32. axb5 Rd1+
33. Rxd1 Rxd1+ 34. Kh2 Rb1 35. Nd4 Rb4 36. Rd2 Nc4 37. Rd1 Nxe5 38. f4 Nc4 39.
Nf3 Rxb5 40. Rd7 Rf5 41. g3 Nb6 42. Re7 Nd5 43. Re8+ Kc7 44. Nd4 Rf6 45. Kg2 g5
46. f5 Ne3+ 47. Kf3 Nxf5 48. Nxf5 Rxf5+ 49. Ke4 b5 50. Re7+ Kc6 0-1

[Event "Lansing (MI Op/5/16)"]
[Site "?"]
[Date "1997.??.??"]
[Round "?"]
[White "Solon, Nathan"]
[Black "Garrison, Ray"]
[Result "0-1"]
[WhiteElo "1870"]
[BlackElo "1965"]
[PlyCount "56"]
[EventDate "1997.??.??"]

{5/(16)} 1. e4 e6 2. d4 d5 3. Nc3 Bb4 4. Qd3 c5 5. a3 dxe4 6. Qxe4 Bxc3+ 7.
bxc3 Nc6 8. Nf3 Nf6 9. Qh4 Qa5 10. Bd2 Qa4 11. Bd3 c4 12. Be4 Ne7 13. O-O Bd7
14. Ne5 Bc6 15. Nxc6 Nxc6 16. Rfe1 Nxe4 17. Qxe4 O-O-O 18. f4 Qa5 19. Qe2 Qa4
20. Qe4 Rd5 21. Rf1 Rb5 22. Bc1 Ne7 23. g4 Nd5 24. Rf3 Qa5 25. Qe2 Qa4 26. f5
Re8 27. Qe4 Nf6 28. Qe2 exf5 0-1

[Event "Lansing (MI Op/1a/6)"]
[Site "?"]
[Date "1997.??.??"]
[Round "?"]
[White "Solon, Nathan"]
[Black "Finegold, Ron"]
[Result "1-0"]
[WhiteElo "1870"]
[BlackElo "2170"]
[PlyCount "81"]
[EventDate "1997.??.??"]

1. e4 d5 2. exd5 Qxd5 3. Nc3 Qa5 4. d4 Nf6 5. Nf3 c6 6. Bc4 Bg4 7. O-O e6 8. h3
Bh5 9. Re1 Bb4 10. Bd2 Qb6 11. Bg5 Be7 12. Re3 Nbd7 13. Qd2 Rd8 14. Rae1 O-O
15. Bf4 Bb4 16. a3 Bxc3 17. Rxc3 c5 18. Rb3 Qc6 19. Bb5 Qc8 20. Qa5 Bxf3 21.
Rxf3 cxd4 22. Bd6 Qxc2 23. Bxf8 Rxf8 24. Qb4 Qc5 25. Qxc5 Nxc5 26. Rc1 Nce4 27.
Rc7 Nd6 28. Ba4 e5 29. Rd3 g5 30. Rc5 a6 31. Rxe5 b5 32. Rxg5+ Kh8 33. Rxd4 Nc4
34. Bb3 h6 35. Rf5 Kg7 36. Bxc4 bxc4 37. Rxc4 Rg8 38. b4 Rd8 39. Rcf4 Rd1+ 40.
Kh2 Nd5 41. Rxf7+ 1-0

[Event "Michigan Team"]
[Site "Ann Arbor, MI"]
[Date "1997.??.??"]
[Round "1.13"]
[White "Solon, Nathan"]
[Black "Djordjevic, B."]
[Result "0-1"]
[WhiteElo "1815"]
[BlackElo "1605"]
[PlyCount "72"]
[EventDate "1997.??.??"]

{1/1} 1. e4 d5 2. exd5 Nf6 3. d4 Nxd5 4. c4 Nb6 5. Nf3 g6 6. Be2 Bg7 7. O-O O-O
8. h3 N8d7 9. Qb3 Nf6 10. Nc3 c6 11. Bf4 Nh5 12. Be3 Qc7 13. Rad1 Nf4 14. Rfe1
Nxe2+ 15. Rxe2 Nd7 16. Bg5 Nf6 17. Rde1 e6 18. d5 cxd5 19. cxd5 Nxd5 20. Nxd5
exd5 21. Re7 Qc4 22. Qxc4 dxc4 23. Bc1 b5 24. Ne5 Be6 25. Nc6 a6 26. Rc7 Bf6
27. Bh6 Rfe8 28. Re2 Rac8 29. Rxc8 Rxc8 30. Ne5 b4 31. Kf1 c3 32. bxc3 bxc3 33.
a3 c2 34. Bc1 Rd8 35. f4 Rd1+ 36. Re1 Bh4 0-1

[Event "Lansing (MI Op/3/18)"]
[Site "?"]
[Date "1997.??.??"]
[Round "?"]
[White "Solon, Nathan"]
[Black "Bailey, Greg"]
[Result "1/2-1/2"]
[WhiteElo "1870"]
[BlackElo "1990"]
[PlyCount "83"]
[EventDate "1997.??.??"]

{3/(18)} 1. e4 c6 2. d4 d5 3. Nc3 dxe4 4. Nxe4 Nf6 5. Nxf6+ gxf6 6. g3 Qd5 7.
Nf3 Bf5 8. c4 Qd7 9. Bf4 Na6 10. Qb3 e5 11. dxe5 Bb4+ 12. Bd2 Bxd2+ 13. Nxd2
O-O-O 14. O-O-O Nc5 15. Qe3 b6 16. Be2 fxe5 17. Nf3 Qe6 18. Qxe5 Rxd1+ 19. Rxd1
Qxe5 20. Nxe5 Re8 21. f4 f6 22. Nf7 Rxe2 23. Nd6+ Kc7 24. Nxf5 Rxh2 25. Rd2
Rxd2 26. Kxd2 Kd7 27. Ke3 Ne6 28. b4 c5 29. b5 Nf8 30. Ke4 Ne6 31. a4 Nc7 32.
Ne3 Ke6 33. f5+ Kd6 34. Kf4 h5 35. Ke4 Ke7 36. Nd5+ Nxd5 37. Kxd5 Kd7 38. Ke4
Kd6 39. Kf4 Ke7 40. Ke4 Kd6 41. Kf4 Ke7 42. Ke4 1/2-1/2

[Event "Lansing (MI Op/1a/2)"]
[Site "?"]
[Date "1997.??.??"]
[Round "?"]
[White "Sobocinski, Mike"]
[Black "Ward, Tom"]
[Result "1-0"]
[WhiteElo "1945"]
[BlackElo "2235"]
[PlyCount "97"]
[EventDate "1997.??.??"]

1. d4 Nf6 2. c4 e6 3. Nc3 Bb4 4. Qc2 c5 5. e3 O-O 6. Bd3 b6 7. Nge2 Bb7 8. O-O
cxd4 9. exd4 g6 10. Bg5 Be7 11. h4 Nc6 12. Qd2 d5 13. cxd5 Nxd5 14. Bh6 Re8 15.
h5 Bf6 16. Be4 Na5 17. Qd3 Bg5 18. Bxg5 Qxg5 19. hxg6 hxg6 20. f4 Qh6 21. Rf3
f5 22. Bxd5 exd5 23. Rh3 Qg7 24. Kf2 Kf7 25. Rah1 Rh8 26. Nb5 Rxh3 27. Rxh3 Bc6
28. Nd6+ Ke6 29. b4 Kxd6 30. bxa5 Re8 31. axb6 axb6 32. Qa3+ Ke6 33. Re3+ Kf7
34. Qa7+ Kf8 35. Rxe8+ Bxe8 36. Qxb6 Qd7 37. Qc5+ Kg7 38. Nc3 Bf7 39. a4 Qb7
40. Qb5 Qc7 41. Ne2 Qd8 42. a5 g5 43. g3 Bh5 44. fxg5 Bxe2 45. Kxe2 Qe7+ 46.
Kf2 Qe4 47. Qc5 Qh1 48. Qe7+ Kg8 49. Qe6+ 1-0

[Event "Lansing (MI Op/5/6)"]
[Site "?"]
[Date "1997.??.??"]
[Round "?"]
[White "Sobocinski, Mike"]
[Black "Thompson, Dexter"]
[Result "0-1"]
[WhiteElo "1940"]
[BlackElo "2200"]
[PlyCount "108"]
[EventDate "1997.??.??"]

{5/(6)} 1. d4 d5 2. c4 e6 3. Nc3 c6 4. e3 Nf6 5. Nf3 Nbd7 6. Bd3 dxc4 7. Bxc4
b5 8. Bb3 a6 9. O-O c5 10. Bc2 Bb7 11. Re1 Qc7 12. Ne2 Rc8 13. Bd3 Bd6 14. Ng3
h5 15. Nf1 c4 16. Be2 h4 17. Ng5 Ne4 18. Nxe4 Bxe4 19. Bd2 h3 20. g3 Qb7 21. f3
Bg6 22. Rc1 Nb6 23. Ba5 O-O 24. Bxb6 Qxb6 25. Nd2 e5 26. Ne4 Bb4 27. Nc3 exd4
28. Nd5 Qc5 29. Nxb4 dxe3 30. Nxa6 Qb6 31. Qd7 Qxa6 32. a3 Rcd8 33. Qxh3 Rd2
34. Bf1 Rxb2 35. Rc3 Qb6 36. Kh1 Bd3 37. Bxd3 cxd3 38. Rxd3 e2 39. Kg2 Qa5 40.
Kf2 Re8 41. Re3 Qb6 42. Qd7 Qxe3+ 43. Kg2 Rd2 44. Qxb5 Rd1 45. Qb4 Rxe1 46.
Qxe1 Rd8 47. Qa5 Qd2 48. Qxd2 Rxd2 49. Kf2 Kf8 50. a4 Ke8 51. a5 Kd7 52. a6 Kc7
53. a7 Kb7 54. Ke1 Ra2 0-1

[Event "Lansing (MI Op/2/6)"]
[Site "?"]
[Date "1997.??.??"]
[Round "?"]
[White "Sobocinski, Mike"]
[Black "Ciaffone, Bob"]
[Result "1/2-1/2"]
[WhiteElo "1945"]
[BlackElo "2200"]
[PlyCount "98"]
[EventDate "1997.??.??"]

{2/(6)} 1. d4 d5 2. c4 e6 3. Nc3 c6 4. e3 Nf6 5. Bd3 dxc4 6. Bxc4 b5 7. Bb3 Bb7
8. Nf3 a6 9. a3 c5 10. O-O Nbd7 11. Bc2 Bd6 12. Re1 Qc7 13. Rb1 Rc8 14. h3 O-O
15. Bd2 Rfd8 16. Rc1 Qb8 17. Rf1 Qa8 18. Ne1 cxd4 19. exd4 e5 20. Bg5 h6 21.
Be3 exd4 22. Qxd4 Ne5 23. Qa7 Nc4 24. Bf5 Qxa7 25. Bxa7 Ra8 26. Bd4 Nd2 27. Bb6
Nxf1 28. Bxd8 Rxd8 29. Kxf1 g6 30. Bc2 Kf8 31. Nd3 Ne4 32. Nxe4 Bxe4 33. Ne1
Bf4 34. Rd1 Rxd1 35. Bxd1 Be5 36. f3 Bd5 37. b3 Ke7 38. Nd3 Bd6 39. a4 g5 40.
axb5 axb5 41. g4 f5 42. Ke2 Kf6 43. Ke3 Bf7 44. Kd4 h5 45. Bc2 fxg4 46. fxg4 h4
47. Nf2 Be7 48. Nd1 Ke6 49. Ne3 Kd7 1/2-1/2

[Event "Lansing (MI Op/3/14)"]
[Site "?"]
[Date "1997.??.??"]
[Round "?"]
[White "Smith, Walt"]
[Black "Morabito, Matthew"]
[Result "1/2-1/2"]
[WhiteElo "2050"]
[BlackElo "1925"]
[PlyCount "141"]
[EventDate "1997.??.??"]

{3/(14)} 1. Nf3 Nf6 2. c4 g6 3. d4 Bg7 4. g3 O-O 5. Bg2 d6 6. O-O Nbd7 7. Ne1
c5 8. e3 Rb8 9. Nd3 b6 10. Nc3 Bb7 11. Bxb7 Rxb7 12. d5 Ne8 13. e4 a6 14. a4
Nc7 15. Qe2 b5 16. cxb5 axb5 17. axb5 Nxb5 18. Nxb5 Rxb5 19. Ra7 Ra5 20. Rxa5
Qxa5 21. Qc2 Qb5 22. Bg5 Re8 23. b3 Ne5 24. Nxe5 Bxe5 25. Qc4 Qxc4 26. bxc4 f6
27. Be3 Rb8 28. Rc1 Rb3 29. Kf1 g5 30. Rc2 g4 31. Kg2 Ra3 32. h3 h5 33. hxg4
hxg4 34. Rc1 Rc3 35. Rxc3 Bxc3 36. f3 gxf3+ 37. Kxf3 Kg7 38. Kg4 Kg6 39. Bf4
Be5 40. Kf3 Bc3 41. g4 Be1 42. Be3 Bh4 43. Bd2 Kf7 44. Bf4 Bg5 45. Bg3 Ke8 46.
Ke2 Kd7 47. Kd3 Ke8 48. Kc3 Kf7 49. Kb3 Be3 50. Ka4 Ke8 51. Kb5 Kd7 52. Kb6 Bg5
53. Kb7 Be3 54. Bh4 Bf4 55. Bf2 e6 56. Bh4 exd5 57. exd5 Be5 58. Kb6 Bd4 59.
Kb5 Be5 60. Ka4 Ke8 61. Kb5 Kd7 62. Ka4 Ke8 63. Kb3 Kf7 64. Kc2 Kg6 65. Kd3 f5
66. gxf5+ Kxf5 67. Bf2 Bf4 68. Be1 Be5 69. Bh4 Kg4 70. Bf2 Kf3 71. Bh4 1/2-1/2

[Event "Lansing (MI Op/1b/10)"]
[Site "?"]
[Date "1997.??.??"]
[Round "?"]
[White "Smith, Walt"]
[Black "Hartwig, Thomas"]
[Result "0-1"]
[WhiteElo "2040"]
[BlackElo "1850"]
[PlyCount "110"]
[EventDate "1997.??.??"]

1. c4 e5 2. Nc3 Nf6 3. Nf3 Nc6 4. g3 Bb4 5. Bg2 O-O 6. O-O d6 7. d3 Bg4 8. h3
Be6 9. Ng5 Bd7 10. Nd5 Nxd5 11. cxd5 Ne7 12. Qb3 a5 13. a3 Bc5 14. Ne4 Bb6 15.
Nd2 Qc8 16. Kh2 Ng6 17. Nc4 Bd4 18. Be3 Bxe3 19. fxe3 Ra6 20. Qc3 Qa8 21. e4 b5
22. Ne3 c5 23. dxc6 Rxc6 24. Qd2 Ne7 25. Nf5 Bxf5 26. exf5 d5 27. b4 a4 28. Qb2
f6 29. Qa2 Rd8 30. e4 Qc8 31. Rf2 Rdd6 32. Rd1 Rc7 33. d4 exd4 34. Rxd4 Rc4 35.
Rd3 d4 36. Bf1 Nc6 37. Rd1 Ne5 38. Bxc4+ bxc4 39. Kg2 Kf8 40. Rfd2 d3 41. b5 c3
42. Qb1 Qc4 43. Re2 c2 44. Qc1 cxd1=Q 45. Qxd1 dxe2 46. Qxd6+ Kf7 47. Qe6+ Qxe6
48. fxe6+ Kxe6 49. Kf2 Nc4 50. Kxe2 Nxa3 51. b6 Kd7 52. Kd3 Kc6 53. Kc3 Nb5+
54. Kb4 a3 55. Kb3 Kxb6 0-1

[Event "Tecumseh (RVO/4/21)"]
[Site "?"]
[Date "1997.??.??"]
[Round "?"]
[White "Smith, T."]
[Black "Smalec, Joseph"]
[Result "0-1"]
[WhiteElo "1605"]
[BlackElo "1605"]
[PlyCount "74"]
[EventDate "1997.??.??"]

{4/(21)} 1. e4 c5 2. d4 cxd4 3. Qxd4 Nc6 4. Qd1 Nf6 5. Nc3 e5 6. Nf3 Bb4 7. Bd2
O-O 8. Be2 d6 9. O-O Be6 10. h3 Rc8 11. a3 Ba5 12. b4 Bb6 13. Rb1 Nd4 14. Ng5
h6 15. Nxe6 Nxe6 16. Bc4 Rxc4 17. Qe2 Rc8 18. a4 Bd4 19. Nd5 Rxc2 20. Nxf6+
Qxf6 21. Qd3 Rc6 22. b5 Nc5 23. Qc4 Rcc8 24. b6 axb6 25. a5 Nxe4 26. Qd3 Nxd2
27. Qxd2 Rc6 28. axb6 Bxb6 29. Ra1 Rfc8 30. g3 Rc2 31. Qe1 R8c3 32. Ra8+ Kh7
33. Qe4+ g6 34. h4 Bxf2+ 35. Kg2 Bd4+ 36. Rf2 Qxf2+ 37. Kh3 Rxg3# 0-1

[Event "Tecumseh (RVO/3/17)"]
[Site "?"]
[Date "1997.??.??"]
[Round "?"]
[White "Smith, T."]
[Black "Dowling, James"]
[Result "0-1"]
[WhiteElo "1605"]
[BlackElo "1605"]
[PlyCount "104"]
[EventDate "1997.??.??"]

{3/(17)} 1. e4 c5 2. d4 cxd4 3. Qxd4 Nc6 4. Qd1 g6 5. Nf3 Bg7 6. Bc4 e6 7. Nc3
a6 8. Be2 b5 9. Bd3 Nge7 10. O-O O-O 11. h3 Bb7 12. Qe2 Nb4 13. a3 Nxd3 14.
Qxd3 d5 15. e5 Nc6 16. Bf4 Qd7 17. a4 b4 18. Ne4 Kh8 19. Nc5 Qc8 20. Rae1 a5
21. Qb5 Rb8 22. Qd3 Ba8 23. c3 Re8 24. b3 bxc3 25. Qxc3 Nb4 26. Qd4 Nc2 27. Qc3
Nxe1 28. Rxe1 Rb4 29. Ng5 Rxf4 30. Qg3 Rf5 31. Qh4 Rxg5 32. Qxg5 Qxc5 33. Rc1
Qd4 34. Re1 Qc3 35. Rc1 Qxe5 36. Qd2 d4 37. f4 Qe3+ 38. Qf2 Qxf2+ 39. Kxf2 Bd5
40. Rb1 Rb8 41. Kg1 Rxb3 42. Re1 d3 43. Rd1 Bd4+ 44. Kh1 Rb2 45. f5 Bxg2+ 46.
Kh2 Bf3+ 47. Kg3 Bxd1 48. fxe6 fxe6 49. h4 Be3 50. h5 g5 51. h6 Bf4+ 52. Kh3
Rh2# 0-1

[Event "Tecumseh (RVO/1/24)"]
[Site "?"]
[Date "1997.??.??"]
[Round "?"]
[White "Smith, T."]
[Black "Bedy, N."]
[Result "0-1"]
[WhiteElo "1605"]
[BlackElo "1605"]
[PlyCount "64"]
[EventDate "1997.??.??"]

{1/(24)} 1. e4 d5 2. exd5 Nf6 3. c4 e6 4. dxe6 Bxe6 5. b3 Nc6 6. Nc3 Bc5 7. d3
Qe7 8. Bg5 Bxc4+ 9. Be2 Be6 10. Bxf6 Qxf6 11. Nf3 Qxc3+ 12. Nd2 Qf6 13. f3 Bb4
14. Rb1 Bxd2+ 15. Qxd2 O-O 16. O-O Rfe8 17. h3 Rad8 18. Rbe1 Qg6 19. Qf4 Rd7
20. d4 Nxd4 21. Qe3 Nxe2+ 22. Qxe2 Rde7 23. Qb5 b6 24. Qa4 Bxh3 25. Rf2 Rxe1+
26. Kh2 Bf5 27. g4 R8e2 28. Rxe2 Rxe2+ 29. Kg3 Qd6+ 30. f4 Qg6 31. g5 Qh5 32.
Qxa7 Qg4# 0-1

[Event "Lansing (MOR/6/18)"]
[Site "?"]
[Date "1997.??.??"]
[Round "?"]
[White "Smith, Robert"]
[Black "Roth, Bruce"]
[Result "0-1"]
[WhiteElo "1605"]
[BlackElo "1605"]
[PlyCount "118"]
[EventDate "1997.??.??"]

{6/(18)} 1. d4 d5 2. c4 dxc4 3. Nc3 Nf6 4. e3 Bf5 5. Bxc4 a6 6. Qb3 e6 7. Qxb7
Nbd7 8. Bxa6 Rb8 9. Qc6 Rb6 10. Qa4 Bb4 11. Bb5 Bxc3+ 12. bxc3 Qb8 13. Bxd7+
Nxd7 14. Ne2 c6 15. Ba3 e5 16. O-O f6 17. Qc4 g5 18. Ng3 Bg6 19. Qe6+ Kd8 20.
Be7+ Kc8 21. Bc5 Re8 22. Qg4 Rb1 23. e4 Rxa1 24. Rxa1 Qb2 25. Qd1 Qxc3 26. Rc1
Qa5 27. Qc2 Nxc5 28. Qxc5 Qxc5 29. dxc5 Kb7 30. Kf1 Ra8 31. Rc2 h5 32. f3 h4
33. Ne2 Bf7 34. Nc3 Ra5 35. Rd2 Bc4+ 36. Kf2 Rxc5 37. a3 Be6 38. Rd6 Rxc3 39.
Rxe6 Rxa3 40. Rxf6 Ra2+ 41. Kf1 c5 42. Rf5 c4 43. Rxe5 Kc6 44. Rd5 c3 45. Rd1
Kc5 46. Kg1 Kc4 47. g3 c2 48. Rc1 Kd3 49. e5 Kd2 50. Rf1 c1=Q 51. Rxc1 Kxc1 52.
f4 gxf4 53. gxf4 Ra4 54. Kg2 Rxf4 55. e6 Re4 56. Kh3 Kd2 57. e7 Ke3 58. e8=Q
Rxe8 59. Kxh4 Rg8 0-1

[Event "Lansing (MOR/4/32)"]
[Site "?"]
[Date "1997.??.??"]
[Round "?"]
[White "Smith, Robert"]
[Black "Cowans, Winston"]
[Result "1-0"]
[WhiteElo "1605"]
[BlackElo "1605"]
[PlyCount "51"]
[EventDate "1997.??.??"]

{4/(32)} 1. d4 c6 2. c4 e6 3. Nc3 Bb4 4. e3 Nf6 5. Bd3 d5 6. Nge2 dxc4 7. Bxc4
Ne4 8. Qc2 f5 9. O-O Nxc3 10. Nxc3 b5 11. Bb3 Bd7 12. Ne2 g5 13. a3 Bd6 14. Ba2
h5 15. e4 f4 16. e5 Be7 17. Qg6+ Kf8 18. Nxf4 gxf4 19. Bxf4 Qe8 20. Bh6+ Rxh6
21. Qxh6+ Kg8 22. Bxe6+ Bxe6 23. Qxe6+ Kh7 24. f4 Nd7 25. Qxc6 a6 26. Rac1 1-0

[Event "Lansing (MOR/2/30)"]
[Site "?"]
[Date "1997.??.??"]
[Round "?"]
[White "Smith, R."]
[Black "Carpenter, O."]
[Result "1-0"]
[WhiteElo "1605"]
[BlackElo "1605"]
[PlyCount "81"]
[EventDate "1997.??.??"]

{2/(30)} 1. d4 Nf6 2. c4 g6 3. Nc3 Bg7 4. e4 d6 5. Bd3 e5 6. d5 b6 7. Nge2 Nbd7
8. O-O Bb7 9. Ng3 c5 10. f4 Bc8 11. Nb5 Nb8 12. fxe5 dxe5 13. Bg5 a6 14. Nc3
Qd6 15. Be2 h6 16. Be3 Bd7 17. Qd2 Bg4 18. Rf2 Bxe2 19. Qxe2 Nbd7 20. Raf1 Rb8
21. h3 O-O 22. Rf3 Rb7 23. Qd2 Kh7 24. Nh1 Rh8 25. g4 Kg8 26. g5 Nh7 27. gxh6
Bf6 28. Nf2 Kf8 29. Ng4 Ke7 30. Nxf6 Ndxf6 31. Bg5 Rf8 32. Bxf6+ Nxf6 33. Qg5
Ke8 34. Rxf6 Qd7 35. h7 Qxh3 36. Qxe5+ Kd8 37. Qd6+ Rd7 38. Qxf8+ Kc7 39. h8=Q
Qg3+ 40. Kh1 Qg5 41. Qc8# 1-0

[Event "Lansing (MI Op/2/26)"]
[Site "?"]
[Date "1997.??.??"]
[Round "?"]
[White "Smith, Mike A"]
[Black "Laumer, H."]
[Result "1-0"]
[WhiteElo "1940"]
[BlackElo "1785"]
[PlyCount "73"]
[EventDate "1997.??.??"]

{2/(26)} 1. e4 Nf6 2. Nc3 d5 3. exd5 Nxd5 4. Nxd5 Qxd5 5. d4 Nc6 6. Nf3 Bg4 7.
Be2 O-O-O 8. c3 f6 9. O-O e5 10. h3 Bh5 11. dxe5 Qxd1 12. Rxd1 Rxd1+ 13. Bxd1
Nxe5 14. g4 Nxf3+ 15. Bxf3 Bf7 16. Be3 a6 17. b3 Bd6 18. Rd1 h5 19. c4 b6 20.
Rc1 c5 21. Rd1 Kc7 22. g5 a5 23. Be4 fxg5 24. Bxg5 Be6 25. Kg2 g6 26. h4 Bf5
27. Bxf5 gxf5 28. Kf3 Re8 29. Rd2 Kc6 30. Bf4 Be7 31. Re2 Kd7 32. Bg5 Bxg5 33.
Rxe8 Kxe8 34. hxg5 Kf7 35. Kg3 Kg7 36. Kh4 Kg6 37. f4 1-0